<?xml version="1.0" encoding="UTF-8"?>
<record
    xmlns:xsi="http://www.w3.org/2001/XMLSchema-instance"
    xsi:schemaLocation="http://www.loc.gov/MARC21/slim http://www.loc.gov/standards/marcxml/schema/MARC21slim.xsd"
    xmlns="http://www.loc.gov/MARC21/slim">

  <leader>00522nam a2200205Ia 4500</leader>
  <controlfield tag="008">220902s9999    xx            000 0 und d</controlfield>
  <datafield tag="041" ind1=" " ind2=" ">
    <subfield code="a">&#xC2;&#xA0;&#xC2;&#xA0;ENGLISH</subfield>
  </datafield>
  <datafield tag="082" ind1=" " ind2=" ">
    <subfield code="a">621.4021.4021</subfield>
  </datafield>
  <datafield tag="082" ind1=" " ind2=" ">
    <subfield code="b">CEN</subfield>
  </datafield>
  <datafield tag="100" ind1=" " ind2=" ">
    <subfield code="a">CENGEL, YUNUS A.</subfield>
  </datafield>
  <datafield tag="245" ind1=" " ind2="0">
    <subfield code="a">THERMODYNAMICS : AN ENGINEERING APPROACH SI UNITS.</subfield>
  </datafield>
  <datafield tag="250" ind1=" " ind2=" ">
    <subfield code="a">7th ed.</subfield>
  </datafield>
  <datafield tag="250" ind1=" " ind2=" ">
    <subfield code="b">2011</subfield>
  </datafield>
  <datafield tag="260" ind1=" " ind2=" ">
    <subfield code="a">NEW DELHI</subfield>
  </datafield>
  <datafield tag="260" ind1=" " ind2=" ">
    <subfield code="b">TATA MCGRAW-HILL PUB. CO. LTD.</subfield>
  </datafield>
  <datafield tag="300" ind1=" " ind2=" ">
    <subfield code="a">978</subfield>
  </datafield>
  <datafield tag="650" ind1=" " ind2=" ">
    <subfield code="a">&#xC2;&#xA0;&#xC2;&#xA0;THERMODYNAMICS</subfield>
  </datafield>
  <datafield tag="700" ind1=" " ind2=" ">
    <subfield code="a">BOLES, MICHAEL A.</subfield>
  </datafield>
  <datafield tag="942" ind1=" " ind2=" ">
    <subfield code="c">TB</subfield>
  </datafield>
  <datafield tag="999" ind1=" " ind2=" ">
    <subfield code="c">146052</subfield>
    <subfield code="d">146052</subfield>
  </datafield>
  <datafield tag="952" ind1=" " ind2=" ">
    <subfield code="r">2022-09-02 00:00:00</subfield>
    <subfield code="l">0</subfield>
    <subfield code="o">621.4021.4021</subfield>
    <subfield code="D">25</subfield>
    <subfield code="N">413</subfield>
    <subfield code="p">PCCOEEC20437</subfield>
    <subfield code="v">550.00</subfield>
    <subfield code="w">2022-09-02</subfield>
    <subfield code="y">TB</subfield>
    <subfield code="z">MECHANICAL</subfield>
    <subfield code="1">0</subfield>
    <subfield code="4">0</subfield>
    <subfield code="7">0</subfield>
    <subfield code="0">0</subfield>
    <subfield code="a">PCCOE</subfield>
    <subfield code="b">PCCOE</subfield>
    <subfield code="d">2011-11-18</subfield>
    <subfield code="e">TECHNICAL BOOK PUNE.</subfield>
    <subfield code="g">550.00</subfield>
    <subfield code="A">9395</subfield>
    <subfield code="B">2011-09-22</subfield>
    <subfield code="L">ENGLISH</subfield>
  </datafield>
</record>
